| 000 | 00964cam a22003133a 4500 | ||
|---|---|---|---|
| 001 | 848 | ||
| 003 | PGUSA | ||
| 005 | 20140828082953.0 | ||
| 008 | 970301s1997||||xxu|||||s|||||000 1 eng d | ||
| 040 |
_aPGUSA _beng |
||
| 042 | _adc | ||
| 050 | 4 | _aPR | |
| 100 | 1 |
_aStevenson, Robert Louis, _d1850-1894 |
|
| 245 | 1 | 4 |
_aThe Black Arrow : _bA Tale of Two Roses _h[electronic resource] / _cRobert Louis Stevenson |
| 260 |
_bProject Gutenberg, _c1997 |
||
| 506 | _aPublic domain in the USA. | ||
| 516 | _aElectronic text | ||
| 653 | _aKnights and knighthood -- Fiction | ||
| 653 | _aHistorical fiction | ||
| 653 | _aGreat Britain -- History -- Wars of the Roses, 1455-1485 -- Fiction | ||
| 653 | _aWar stories | ||
| 653 | _aYoung men -- Fiction | ||
| 653 | _aBildungsromans | ||
| 653 | _aGuardian and ward -- Fiction | ||
| 653 | _aOutlaws -- Fiction | ||
| 830 | 0 |
_aProject Gutenberg _v848 |
|
| 856 | 4 | 0 | _uhttp://www.gutenberg.org/ebooks/848 |
| 942 | _cEB | ||
| 999 |
_c230199 _d230199 |
||